CURRENCY SWAPS (Record no. 8934)
[ view plain ]
| 000 -LEADER | |
|---|---|
| fixed length control field | 00318nam a2200157 4500 |
| 005 - DATE AND TIME OF LATEST TRANSACTION | |
| control field | 20260311160322.0 |
| 008 - FIXED-LENGTH DATA ELEMENTS--GENERAL INFORMATION | |
| fixed length control field | CU66 |
| 020 ## - INTERNATIONAL STANDARD BOOK NUMBER | |
| International Standard Book Number | 0852974361 |
| 050 ## - LIBRARY OF CONGRESS CALL NUMBER | |
| Classification number | HG 3853 COY |
| 100 ## - MAIN ENTRY--PERSONAL NAME | |
| Personal name | COYLE BRIAN |
| 245 ## - TITLE STATEMENT | |
| Title | CURRENCY SWAPS |
| 260 ## - PUBLICATION, DISTRIBUTION, ETC. | |
| Place of publication, distribution, etc. | LONDON |
| Name of publisher, distributor, etc. | BPP |
| Date of publication, distribution, etc. | 2000 |
| 300 ## - PHYSICAL DESCRIPTION | |
| Extent | 121p. |
| 500 ## - GENERAL NOTE | |
| General note | INDEX |
| 942 ## - ADDED ENTRY ELEMENTS (KOHA) | |
| Source of classification or shelving scheme | Library of Congress Classification |
| Koha item type | Books |
| Suppress in OPAC | No |
| 999 ## - | |
| -- | 8934 |
| -- | 8934 |
| Withdrawn status | Lost status | Source of classification or shelving scheme | Damaged status | Not for loan | Home library | Current library | Shelving location | Date acquired | Total checkouts | Full call number | Barcode | Date last seen | Price effective from | Koha item type |
|---|---|---|---|---|---|---|---|---|---|---|---|---|---|---|
| Library of Congress Classification | Graduate Library (Christ Temple) | Graduate Library (Christ Temple) | Fiction | 03/11/2026 | HG 3853 COY | gsct00003193 | 03/11/2026 | 03/11/2026 | Books | |||||
| Library of Congress Classification | Graduate Library (Christ Temple) | Graduate Library (Christ Temple) | Fiction | 03/11/2026 | HG 3853 COY | gsct00003194 | 03/11/2026 | 03/11/2026 | Books | |||||
| Library of Congress Classification | Graduate Library (Christ Temple) | Graduate Library (Christ Temple) | Fiction | 03/11/2026 | HG 3853 COY | gsct00003195 | 03/11/2026 | 03/11/2026 | Books | |||||
| Library of Congress Classification | Graduate Library (Christ Temple) | Graduate Library (Christ Temple) | Fiction | 03/11/2026 | HG 3853 COY | gsct00003196 | 03/11/2026 | 03/11/2026 | Books | |||||
| Library of Congress Classification | Graduate Library (Christ Temple) | Graduate Library (Christ Temple) | Fiction | 03/11/2026 | HG 3853 COY | gsct00003197 | 03/11/2026 | 03/11/2026 | Books |